ბათუმის შოთა რუსთაველის სახელმწიფო უნივერსიტეტის ბიბლიოთეკა

ლემუელ გულივერის მოგზაურობა : (ბიბ.ჩანაწერი № 40415)

000 -ლიდერი
ფიქსირებული სიგრძის საკონტროლო ველი 01098nam a2200241Ia 4500
001 - საკონტროლო ნომერი
საკონტროლო ველი 7023
003 - საკონტროლო ნომრის იდენტიფიკატორი
საკონტროლო ველი GE_BSU
005 - ბოლო ოპერაციის თარიღი და დრო
საკონტროლო ველი 20231113154336.0
008 - ფიქსირებული სიგრძის მონაცემთა ელემენტები - ზოგადი ინფორმაცია
ფიქსირებული სიგრძის საკონტროლო ველი 181216s1998||||ge |||||||||||||| ||geo||
040 ## - კატალოგიზაციის წყარო
Transcribing agency GE_BSU
041 ## - ენის კოდი
Language code of text/sound track or separate title geo
080 ## - უნივერსალური ათობითი კლასიფიკაციის ინდექსი
Universal Decimal Classification number 82-93:821.111-31.3 ს-46
100 ## - მთავარი ჩანაწერი - პიროვნების სახელი
Personal name სვიფტი, ჯონათან
9 (RLIN) 20356
245 ## - ცნობა სათაურის შესახებ
Title ლემუელ გულივერის მოგზაურობა :
Remainder of title რომანი /
Statement of responsibility, etc ჯონათან სვიფტი ; ინგლ. თარგმნა მოსე ქარჩავამ ; რედ. ნინო დათიაშვილი.
264 ## - წარმოების, გამოცემის, დისტრიბუციის და სხვა ცნობები
გამოცემის, წარმოების, დისტრიბუციის... ადგილი თბილისი :
გამოცემის, წარმოების, დისტრიბუციის... სახელწოდება ნაკადული,
გამოცემის, წარმოების, დისტრიბუციის... თარიღი 1998.
300 ## - ფიზიკური აღწერა
Extent 367 გვ. ;
Dimensions 20 სმ.
653 ## - INDEX TERM--UNCONTROLLED
Uncontrolled term ლემუელ გულივერის მოგზაურობა
653 ## - INDEX TERM--UNCONTROLLED
Uncontrolled term რომანი
700 ## - ADDED ENTRY--PERSONAL NAME
Personal name ქარჩავა, მოსე
Relator term მთარგმნელი
9 (RLIN) 12679
700 ## - ADDED ENTRY--PERSONAL NAME
Personal name დათიაშვილი, ნინო
Relator term რედაქტორი
9 (RLIN) 20357
942 ## - ADDED ENTRY ELEMENTS (KOHA)
Koha item type წიგნი
Source of classification or shelving scheme
ეგზემპლარები
ჩამოწერის სტატუსი დაკარგული ეგზემპლარის სტატუსი კლასიფიკაციის წყარო ან თაროზე გაწყობის სქემა დაზიანების სტატუსი არ გაიცემა მუდმივი მდებარეობა (დაცვის ადგილი) ამჟამინდელი ადგილსამყოფელი თაროზე განთავსების ადგილი შეძენის თარიღი ღირებულება, შესყიდვის ნორმალური ფასი სრული შენახვის შიფრი შტრიხკოდი ბოლო ოპერაციის თარიღი ეგზემპლარის მიმდევრობითი ნომერი (კეტერი?) ფასის ძალაში შესვლის თარიღი ეგზემპლარის სახეობა საჯარო შენიშვნა
          ბათუმის შოთა რუსთაველის სახელმწიფო უნივერსიტეტის მთავარი ბიბლიოთეკა ბათუმის შოთა რუსთაველის სახელმწიფო უნივერსიტეტის მთავარი ბიბლიოთეკა წიგნსაცავი 2018-12-17 8.00 82-93:821.111-31.3 ს-46 23101 2018-12-17 23101 2018-12-17 წიგნი 8.00 ₾.